Globalised Islam : (Record no. 5070)

MARC details
000 -LEADER
fixed length control field 00971nac a22002531u 4500
010 ## - LIBRARY OF CONGRESS CONTROL NUMBER
LC control number 2004478048
020 ## - INTERNATIONAL STANDARD BOOK NUMBER
International Standard Book Number 1850655936
022 ## - INTERNATIONAL STANDARD SERIAL NUMBER
International Standard Serial Number 1850655987
035 ## - SYSTEM CONTROL NUMBER
System control number (OCoLC)ocm48784132
082 00 - DEWEY DECIMAL CLASSIFICATION NUMBER
Classification number 297.272
Item number R8121
090 ## - LOCALLY ASSIGNED LC-TYPE CALL NUMBER (OCLC); LOCAL CALL NUMBER (OCLC)
-- 5070
-- 5070
100 ## - MAIN ENTRY--PERSONAL NAME
Personal name Roy, Olivier,
245 10 - TITLE STATEMENT
Title Globalised Islam :
Remainder of title the search for a new ummah /
Statement of responsibility, etc Olivier Roy.
260 ## - PUBLICATION, DISTRIBUTION, ETC. (IMPRINT)
Place of publication, distribution, etc London :
Name of publisher, distributor, etc C. Hurst, 2004
Date of publication, distribution, etc 2004
300 ## - PHYSICAL DESCRIPTION
Extent xi, 349 p. ;
Dimensions 23 cm.
650 #0 - SUBJECT ADDED ENTRY--TOPICAL TERM
Topical term or geographic name as entry element Globalization
General subdivision Religious aspects
-- Islam.
650 #0 - SUBJECT ADDED ENTRY--TOPICAL TERM
Topical term or geographic name as entry element Islam and politics
Geographic subdivision Islamic countries.
650 #0 - SUBJECT ADDED ENTRY--TOPICAL TERM
Topical term or geographic name as entry element Ummah (Islam)
Geographic subdivision Islamic countries.
650 #0 - SUBJECT ADDED ENTRY--TOPICAL TERM
Topical term or geographic name as entry element Islamic fundamentalism
Geographic subdivision Islamic countries.
650 #0 - SUBJECT ADDED ENTRY--TOPICAL TERM
Topical term or geographic name as entry element Islamic renewal
Geographic subdivision Islamic countries.
651 #0 - SUBJECT ADDED ENTRY--GEOGRAPHIC NAME
Geographic name Islamic countries
General subdivision Politics and government.
942 ## - ADDED ENTRY ELEMENTS (KOHA)
Item type Book - Borrowing
Call number prefix 297.272R8121
Holdings
Withdrawn status Item status Damaged status Not for loan Home library Current library Shelving location Date acquired Source of acquisition Total Checkouts Total Renewals Full call number Barcode Date last seen Date last borrowed Koha item type
        Central Library Central Library Lower Floor 07/10/2011 Purchase 7 4 297.272 ROY 000006185 15/07/2025 11/11/2010 Book - Borrowing